000
00276nam a22001217a 4500
082
_a
160
_b
JOS/B
100
_a
ANNAMKUTTY JOSE,JOSEPH
245
_a
BURIED THOUGHTS
260
_a
KOTTAYAM
_b
DC BOOKS
300
_a
311
650
_a
PERSONALITY DEVELOPMENT
_z
KOTTAYAM
942
_c
BK
999
_c
5309
_d
5309